| 000 | 00697nam a2200241Ia 4500 | ||
|---|---|---|---|
| 999 |
_c49607 _d49607 |
||
| 001 | 16539 | ||
| 003 | GE_BSU | ||
| 005 | 20200131131918.0 | ||
| 008 | 181216s2006||||en |||||||||||||| ||eng|| | ||
| 020 | _a9781592535873 | ||
| 040 | _cGE_BSU | ||
| 041 | _aeng | ||
| 080 | _a745/749 L-68 | ||
| 100 |
_aLidwell, William. _96597 |
||
| 245 |
_aUniversal principles of design / _c William Lidwell ; Holden Kritina ; Butler Jill . |
||
| 260 |
_cBeverly Massachusetts : _aRockport, _b2010. |
||
| 300 |
_a272 p .: _b ill; _c27 cm. |
||
| 653 | _aDesign--Dictionaries. | ||
| 653 | _aდიზაინი | ||
| 700 |
_aKritina, Holden _96598 |
||
| 700 |
_aJill , Butler _96599 |
||
| 942 |
_cBK _2udc |
||